[Event "29. Erfurter Schachfestival 2019 - Seni"]
[Site "Erfurt"]
[Date "2019.12.28"]
[Round "3.9"]
[White "Just, Gabriele"]
[Black "Streit, Jürgen"]
[Result "0-1"]
[WhiteElo "1869"]
[BlackElo "1845"]
[PlyCount "84"]
[EventDate "2019.12.26"]

1. d4 d5 2. Nf3 Bf5 3. Bf4 e6 4. Nbd2 Bd6 5. Bg5 Nf6 6. e3 Nbd7 7. Be2 c6 8.
Nh4 Bg6 9. Nxg6 hxg6 10. h3 Qb6 11. Bxf6 Nxf6 12. Qc1 e5 13. c3 exd4 14. exd4
g5 15. g3 O-O-O 16. Qc2 Rde8 17. Kf1 Qc7 18. Qf5+ Qd7 19. Bd3 Qxf5 20. Bxf5+
Kc7 21. Re1 Rxe1+ 22. Kxe1 g6 23. Bd3 g4 24. Bf1 c5 25. Nb3 Re8+ 26. Be2 gxh3
27. Rxh3 b6 28. Kf1 Ne4 29. Rh7 Re7 30. Rh8 Bxg3 31. Bf3 Nxf2 32. Bxd5 Ng4 33.
Kg2 Bd6 34. Kf3 f5 35. Ra8 Re3+ 36. Kg2 Re2+ 37. Kf1 Rf2+ 38. Ke1 Bg3 39. Kd1
Ne3+ 40. Kc1 Nxd5 41. Rxa7+ Kb8 42. Rg7 Bf4+ 0-1

[Event "29. Erfurter Schachfestival 2019 - Seni"]
[Site "Erfurt"]
[Date "2019.12.28"]
[Round "3.10"]
[White "Schmidt, Matthias"]
[Black "Jaeger, Andre"]
[Result "1-0"]
[WhiteElo "1987"]
[BlackElo "1850"]
[PlyCount "69"]
[EventDate "2019.12.26"]

1. e4 c5 2. b3 Nc6 3. Bb2 e5 4. Nc3 g6 5. Nf3 Bg7 6. Nd5 Nge7 7. Bc4 O-O 8. O-O
d6 9. h3 a6 10. a4 Rb8 11. Nh2 Nxd5 12. Bxd5 Ne7 13. f4 Nxd5 14. exd5 f5 15. d3
b5 16. axb5 axb5 17. Ra7 Qb6 18. Rxg7+ Kxg7 19. fxe5 c4+ 20. Kh1 c3 21. Bxc3
Qc5 22. Qe1 b4 23. Ba1 Qxd5 24. exd6+ Kg8 25. Nf3 Rb7 26. Qc1 Rbf7 27. Qf4 Bb7
28. Re1 Rd7 29. Qxb4 Rxd6 30. Re7 Rf7 31. Re5 Qc6 32. Rc5 Qb6 33. Qc3 Rdf6 34.
Ng5 Rf8 35. Qc4+ 1-0

[Event "29. Erfurter Schachfestival 2019 - Seni"]
[Site "Erfurt"]
[Date "2019.12.28"]
[Round "3.11"]
[White "Schulz, Uwe"]
[Black "Werner, Bernd-Michael"]
[Result "1-0"]
[WhiteElo "1842"]
[BlackElo "2059"]
[PlyCount "73"]
[EventDate "2019.12.26"]

1. d4 Nf6 2. c4 g6 3. Nf3 Bg7 4. g3 d6 5. Bg2 Nbd7 6. O-O c6 7. Nc3 O-O 8. Bd2
h6 9. Qc2 e5 10. dxe5 dxe5 11. Rad1 Qe7 12. e4 a5 13. h3 Nc5 14. Nh4 Ne6 15.
Be3 Nd7 16. Kh2 Kh7 17. Ne2 Bf6 18. f4 c5 19. fxe5 Bxe5 20. Nf5 Qd8 21. Nxh6
Nd4 22. Bxd4 Bxd4 23. Nxd4 cxd4 24. Ng4 Nc5 25. Nf6+ Kg7 26. Qf2 Ne6 27. Nd5 f5
28. exf5 gxf5 29. Qe2 Qd6 30. Nf4 Ra6 31. Bd5 Ng5 32. Qd2 Qh6 33. Qxd4+ Raf6
34. h4 Rd8 35. Rde1 Ne4 36. Rxe4 fxe4 37. Nh5+ 1-0

[Event "29. Erfurter Schachfestival 2019 - Seni"]
[Site "Erfurt"]
[Date "2019.12.28"]
[Round "3.12"]
[White "Everett, Brian"]
[Black "Brettschneider, Karl"]
[Result "0-1"]
[WhiteElo "1823"]
[BlackElo "2019"]
[PlyCount "86"]
[EventDate "2019.12.26"]

1. Nf3 c5 2. c4 Nc6 3. Nc3 g6 4. d4 cxd4 5. Nxd4 Bg7 6. Nxc6 bxc6 7. e4 d6 8.
Be2 Nf6 9. Bf3 Nd7 10. Qc2 Ne5 11. Be2 O-O 12. O-O c5 13. Bd2 Nc6 14. Rac1 Rb8
15. b3 f5 16. f4 e5 17. fxe5 dxe5 18. Bf3 Nb4 19. Qd1 Qd4+ 20. Kh1 Nd3 21. exf5
Bxf5 22. Bd5+ Kh8 23. Nb5 Nf2+ 24. Rxf2 Qxf2 25. Nxa7 Bg4 26. Qe1 Qxe1+ 27.
Rxe1 Rf2 28. Be3 Rxa2 29. Bxc5 Rxb3 30. Nc6 Bf5 31. h3 Rb1 32. Rxb1 Bxb1 33.
Bd6 e4 34. Nd8 Bf6 35. Nf7+ Kg7 36. c5 Rd2 37. c6 e3 38. c7 Bf5 39. Be4 e2 40.
Bg3 Bc8 41. Ne5 Rd1+ 42. Kh2 e1=Q 43. Bxe1 Rxe1 0-1

[Event "29. Erfurter Schachfestival 2019 - Seni"]
[Site "Erfurt"]
[Date "2019.12.28"]
[Round "3.13"]
[White "Herborth, Manfred"]
[Black "Zoll, Detlef"]
[Result "1/2-1/2"]
[WhiteElo "1795"]
[BlackElo "1926"]
[PlyCount "53"]
[EventDate "2019.12.26"]

1. d4 Nf6 2. Bf4 d6 3. Nc3 g6 4. e4 Bg7 5. Qd2 O-O 6. O-O-O Nbd7 7. e5 Nh5 8.
Bh6 f5 9. Bc4+ Kh8 10. Nf3 Nb6 11. Bb3 d5 12. Qg5 e6 13. Bxg7+ Kxg7 14. Qxd8
Rxd8 15. a4 c6 16. a5 Nd7 17. Ba4 Rb8 18. h3 Kg8 19. Ne2 Ng7 20. Nf4 Nf8 21. h4
h6 22. h5 g5 23. Ng6 Kf7 24. Nh8+ Kg8 25. Ng6 Kf7 26. Nh8+ Kg8 27. Ng6 1/2-1/2

[Event "29. Erfurter Schachfestival 2019 - Seni"]
[Site "Erfurt"]
[Date "2019.12.28"]
[Round "3.14"]
[White "Wolkenstein, Eckhardt"]
[Black "Klein, Gernot"]
[Result "1/2-1/2"]
[WhiteElo "1589"]
[BlackElo "1875"]
[PlyCount "148"]
[EventDate "2019.12.26"]

1. d4 d5 2. c4 e6 3. Nc3 Nf6 4. Bg5 Be7 5. cxd5 exd5 6. Nf3 h6 7. Bh4 O-O 8. e3
b6 9. Bd3 Nbd7 10. O-O c5 11. Rc1 Bb7 12. Bb1 Re8 13. Qc2 Ne4 14. Bxe7 Qxe7 15.
Rfe1 Rac8 16. Nd2 Ndf6 17. f3 Nxc3 18. bxc3 g6 19. Nf1 Qd7 20. Qf2 Kg7 21. Ng3
cxd4 22. cxd4 Rxc1 23. Rxc1 Rc8 24. Rf1 Ba6 25. Re1 Rc7 26. e4 dxe4 27. fxe4
Qc8 28. Qd2 Qf8 29. e5 Nd5 30. Be4 Qd8 31. Qf2 Nc3 32. a3 Bc4 33. Qe3 Be6 34.
Ne2 Nxe4 35. Qxe4 Rc4 36. Rd1 Bd5 37. Qe3 Qg5 38. Qxg5 hxg5 39. Rc1 b5 40. Rxc4
Bxc4 41. Nc3 f6 42. e6 Bxe6 43. Nxb5 a6 44. Nd6 Kf8 45. Kf2 Ke7 46. Ne4 Bd5 47.
Nc5 Bc4 48. Ke3 Kd6 49. Ne4+ Ke6 50. Nc5+ Kd5 51. g3 f5 52. Nd7 f4+ 53. gxf4
gxf4+ 54. Kxf4 Kxd4 55. h4 Bb3 56. Kg5 Bc2 57. Nf8 Kc3 58. Nxg6 Bd1 59. Ne5 Kb3
60. Ng4 Kxa3 61. h5 a5 62. h6 Bc2 63. Ne5 Bh7 64. Kf6 a4 65. Kg7 Kb3 66. Kxh7
a3 67. Nd3 Kc2 68. Nb4+ Kb3 69. Nd3 Kc2 70. Nb4+ Kb3 71. Na2 Kxa2 72. Kg8 Kb1
73. h7 a2 74. h8=Q a1=Q 1/2-1/2

[Event "29. Erfurter Schachfestival 2019 - Seni"]
[Site "Erfurt"]
[Date "2019.12.28"]
[Round "3.15"]
[White "Abel, Hans-Peter"]
[Black "Klein, Reinhard"]
[Result "1-0"]
[WhiteElo "1767"]
[BlackElo "1868"]
[Annotator "Ruether,Rudolf"]
[PlyCount "80"]
[EventDate "2019.12.26"]

1. Nf3 d5 2. d4 Nf6 3. c4 c6 4. e3 g6 5. Nc3 Bg7 6. b3 O-O 7. Bb2 Nbd7 8. cxd5
cxd5 9. Bd3 a6 10. O-O b5 11. Rc1 Bb7 12. h3 Rc8 13. Qe2 Ne4 14. Nh2 f5 15.
Rfd1 Qa5 16. Nxe4 dxe4 17. Bb1 Nf6 18. g4 e6 19. gxf5 exf5 20. a3 Rxc1 21. Rxc1
Rc8 22. Rxc8+ Bxc8 23. b4 Qc7 24. Qc2 Qxc2 25. Bxc2 Kf8 26. f3 Ke7 27. Kf2 Kd6
28. Nf1 exf3 29. Kxf3 Bb7+ 30. Kf2 Be4 31. Bb3 Bd5 32. Bc2 Bh6 33. Ng3 Bg5 34.
Nf1 Bh4+ 35. Kg1 Be1 36. Bc1 Nh5 37. Bd3 Bc4 38. Bc2 Kd5 39. Kg2 Nf6 40. Nd2
Bxd2 {Zeitüberschreitung} 1-0

[Event "29. Erfurter Schachfestival 2019 - Seni"]
[Site "Erfurt"]
[Date "2019.12.28"]
[Round "3.17"]
[White "Albrecht, Ulrich"]
[Black "Loose, Helmut"]
[Result "1/2-1/2"]
[WhiteElo "2061"]
[BlackElo "1809"]
[PlyCount "90"]
[EventDate "2019.12.26"]

1. d4 Nf6 2. g3 e6 3. Bg2 d5 4. Nf3 b6 5. O-O Bb7 6. c4 Nbd7 7. Ne5 Bd6 8. Nxd7
Qxd7 9. Nc3 O-O 10. Bg5 Be7 11. Bxf6 Bxf6 12. cxd5 exd5 13. e3 Rfe8 14. Qb3 c6
15. Qa4 b5 16. Qc2 Re7 17. Ne2 Rae8 18. Nf4 g6 19. Qc5 a6 20. Bh3 Qd8 21. a4
bxa4 22. Rxa4 Bg7 23. Rc1 Bh6 24. Bf1 Bxf4 25. exf4 Qc8 26. Raa1 h5 27. h4 Re4
28. Qc3 R4e7 29. Bd3 f5 30. Qa5 Re6 31. Bxa6 Bxa6 32. Qxa6 Qxa6 33. Rxa6 Re1+
34. Rxe1 Rxe1+ 35. Kg2 Re6 36. Kf1 Kf8 37. f3 Ke7 38. Kf2 Kd7 39. Ra7+ Kc8 40.
Ra3 Kc7 41. Re3 Rxe3 42. Kxe3 Kb6 43. Kd3 Ka5 44. b3 Kb4 45. Kc2 Ka5 1/2-1/2

[Event "29. Erfurter Schachfestival 2019 - Seni"]
[Site "Erfurt"]
[Date "2019.12.28"]
[Round "3.18"]
[White "Bryx, Joachim"]
[Black "Kröncke, Manfred"]
[Result "0-1"]
[WhiteElo "1700"]
[BlackElo "2034"]
[PlyCount "78"]
[EventDate "2019.12.26"]

1. e4 c5 2. Nf3 e6 3. d4 cxd4 4. Nxd4 Nc6 5. Nc3 Qc7 6. a3 a6 7. Be3 Nf6 8. Be2
Be7 9. O-O O-O 10. Qd2 Ne5 11. f4 Nc4 12. Bxc4 Qxc4 13. Qe2 Qxe2 14. Ndxe2 d6
15. Rad1 b5 16. e5 dxe5 17. fxe5 Ng4 18. Bd4 Bb7 19. h3 Nh6 20. g4 Rac8 21. Be3
Bc5 22. Rd3 Bxe3+ 23. Rxe3 Rfd8 24. Rd3 Rxd3 25. cxd3 Kf8 26. d4 Ke7 27. Rd1 f6
28. exf6+ gxf6 29. d5 exd5 30. Nxd5+ Bxd5 31. Rxd5 Rc2 32. Kf1 Nf7 33. b4 Ra2
34. Rd3 Ne5 35. Re3 Kf7 36. Nf4 Nc4 37. Rd3 Rxa3 38. Rd7+ Kf8 39. Rxh7 Rf3+ 0-1

[Event "29. Erfurter Schachfestival 2019 - Seni"]
[Site "Erfurt"]
[Date "2019.12.28"]
[Round "3.19"]
[White "Reitmaier, Adolf"]
[Black "Lehmann, Manfred"]
[Result "1/2-1/2"]
[WhiteElo "1550"]
[BlackElo "1841"]
[PlyCount "33"]
[EventDate "2019.12.26"]

1. c4 c6 2. d4 d5 3. Nc3 Nf6 4. cxd5 cxd5 5. g3 e6 6. a3 Be7 7. Bg2 O-O 8. Nf3
Nc6 9. O-O b6 10. b4 Bb7 11. Bb2 Rc8 12. Rc1 Ne8 13. Re1 Nd6 14. Nb1 Nc4 15.
Ba1 f5 16. e3 b5 17. Nfd2 1/2-1/2

[Event "29. Erfurter Schachfestival 2019 - Seni"]
[Site "Erfurt"]
[Date "2019.12.28"]
[Round "3.20"]
[White "Bartsch, Marius"]
[Black "Wozny, Michael"]
[Result "1/2-1/2"]
[WhiteElo "1638"]
[BlackElo "1906"]
[PlyCount "57"]
[EventDate "2019.12.26"]

1. d4 Nf6 2. Nc3 e6 3. Nf3 c5 4. e3 b6 5. Bd3 Bb7 6. O-O d5 7. Re1 Be7 8. Nb1
O-O 9. c3 Ne4 10. Nbd2 f5 11. Ne5 Nd7 12. Ndf3 Bd6 13. Qe2 Nxe5 14. Nxe5 Nf6
15. f4 c4 16. Bc2 b5 17. Bd2 a5 18. a3 Bxe5 19. fxe5 Ng4 20. Rf1 Qe7 21. Rf3 b4
22. Rg3 b3 23. Bd1 Nh6 24. Qh5 Kh8 25. Be2 Bc6 26. Rf1 Be8 27. Qg5 Qxg5 28.
Rxg5 Bg6 29. Rg3 1/2-1/2

[Event "29. Erfurter Schachfestival 2019 - Seni"]
[Site "Erfurt"]
[Date "2019.12.28"]
[Round "3.21"]
[White "Rauscher, Joachim"]
[Black "Wanka, Gerd"]
[Result "1-0"]
[WhiteElo "1807"]
[BlackElo "1760"]
[PlyCount "111"]
[EventDate "2019.12.26"]

1. e4 e5 2. Nf3 Qe7 3. Nc3 c6 4. d4 d6 5. Bg5 f6 6. Be3 Bg4 7. h3 Bxf3 8. Qxf3
Nd7 9. Bc4 exd4 10. Bxd4 Ne5 11. Bxe5 Qxe5 12. O-O Ne7 13. a4 Nc8 14. a5 Be7
15. Qd3 Bd8 16. a6 b6 17. f4 Qc5+ 18. Kh1 b5 19. Bb3 Bb6 20. Qg3 g6 21. Qh4 Bd8
22. Qg4 f5 23. exf5 Qxf5 24. Rae1+ Be7 25. Qf3 Qd7 26. Ne4 Rf8 27. Ng5 d5 28.
Nxh7 Rf7 29. Ng5 Rf6 30. Re5 Kd8 31. Rfe1 Kc7 32. Re6 Rxe6 33. Nxe6+ Kb6 34.
Qe3+ Kxa6 35. Nc5+ Bxc5 36. Qxc5 Kb7 37. c3 Nd6 38. Bc2 Rf8 39. Bxg6 Rxf4 40.
Be8 Nxe8 41. Re7 Qxe7 42. Qxe7+ Nc7 43. Qe3 Rf1+ 44. Kh2 a5 45. h4 Rf8 46. h5
Re8 47. Qf3 Kb6 48. g4 b4 49. g5 bxc3 50. Qxc3 c5 51. h6 d4 52. Qb3+ Ka6 53.
Qd3+ Kb6 54. h7 Re3 55. Qg6+ Ne6 56. h8=Q 1-0

[Event "29. Erfurter Schachfestival 2019 - Seni"]
[Site "Erfurt"]
[Date "2019.12.28"]
[Round "3.22"]
[White "Lehmann, Joachim"]
[Black "Kolling, Peter Josef"]
[Result "1-0"]
[WhiteElo "1805"]
[BlackElo "1658"]
[PlyCount "55"]
[EventDate "2019.12.26"]

1. d4 d5 2. Nc3 c6 3. Bf4 Nf6 4. e3 Bf5 5. f3 Nbd7 6. g4 Bg6 7. h4 h6 8. Bd3
Bxd3 9. Qxd3 e6 10. Nge2 Qa5 11. a3 c5 12. Qb5 Qb6 13. Qxb6 Nxb6 14. Nb5 Kd7
15. Kf2 a6 16. Nbc3 c4 17. a4 Bd6 18. a5 Bxf4 19. Nxf4 Nc8 20. g5 hxg5 21. hxg5
Rxh1 22. Rxh1 Ne8 23. Na4 g6 24. Rh7 Ned6 25. Nxg6 b5 26. axb6 Rb8 27. Ne5+ Ke8
28. Rh8+ 1-0

[Event "29. Erfurter Schachfestival 2019 - Seni"]
[Site "Erfurt"]
[Date "2019.12.28"]
[Round "3.23"]
[White "Welsch, Dieter Sen"]
[Black "Jackisch, Johannes"]
[Result "1-0"]
[WhiteElo "1794"]
[BlackElo "1600"]
[PlyCount "89"]
[EventDate "2019.12.26"]

1. d4 d5 2. Nf3 Nc6 3. e3 Nf6 4. Bd3 Bg4 5. Be2 e6 6. Nbd2 Bd6 7. c4 O-O 8. a3
a6 9. Qc2 Bf5 10. Bd3 Bxd3 11. Qxd3 dxc4 12. Nxc4 Re8 13. Qb3 b5 14. Nxd6 Qxd6
15. O-O Na5 16. Qc2 Nc4 17. b3 Nb6 18. Bb2 Rac8 19. Rfd1 c5 20. dxc5 Qxc5 21.
Qxc5 Rxc5 22. Bxf6 gxf6 23. Rd6 Rec8 24. Rad1 Nd5 25. Kf1 a5 26. e4 Nf4 27. g3
Nh3 28. Nd4 Kg7 29. Kg2 Ng5 30. f3 h6 31. h4 Nh7 32. Rd7 Re8 33. g4 Nf8 34. Ra7
b4 35. axb4 axb4 36. Rb7 Kg6 37. Rxb4 e5 38. Nf5 Ne6 39. Rd2 Rc3 40. Kf2 Ra8
41. Rb7 Ra1 42. Rb8 Nf4 43. Rg8+ Kh7 44. Rg7+ Kh8 45. Rd8# 1-0

[Event "29. Erfurter Schachfestival 2019 - Seni"]
[Site "Erfurt"]
[Date "2019.12.28"]
[Round "3.24"]
[White "Teichmann, Axel"]
[Black "Helm, Helga"]
[Result "1-0"]
[WhiteElo "1716"]
[BlackElo "1555"]
[PlyCount "69"]
[EventDate "2019.12.26"]

1. b4 d5 2. Bb2 Bd7 3. e3 Nf6 4. b5 c6 5. a4 e6 6. Nf3 Bd6 7. Be5 Bxe5 8. Nxe5
O-O 9. Nc3 Be8 10. Be2 d4 11. exd4 Qxd4 12. Nf3 Qd6 13. O-O c5 14. d4 Nbd7 15.
dxc5 Qxd1 16. Rfxd1 Nxc5 17. Ne5 a6 18. bxa6 Rxa6 19. Bxa6 bxa6 20. f3 Nfd7 21.
Nxd7 Bxd7 22. Rd4 Rb8 23. Rad1 e5 24. Rxd7 Nxd7 25. Rxd7 f6 26. a5 Rb2 27. Rd2
Kf7 28. Kf2 Ke6 29. Ne4 Kf5 30. c4 Rxd2+ 31. Nxd2 Ke6 32. Ne4 Kd7 33. Nc5+ Kc6
34. Nxa6 Kb7 35. Nb4 1-0

[Event "29. Erfurter Schachfestival 2019 - Seni"]
[Site "Erfurt"]
[Date "2019.12.28"]
[Round "3.25"]
[White "Bangert, Ruediger"]
[Black "Hülle, Gunter"]
[Result "0-1"]
[WhiteElo "1524"]
[BlackElo "1699"]
[PlyCount "116"]
[EventDate "2019.12.26"]

1. e4 e6 2. d4 d5 3. Nc3 Nf6 4. Bg5 Be7 5. e5 Nfd7 6. Bxe7 Qxe7 7. Nf3 a6 8.
Bd3 c5 9. dxc5 Nxc5 10. Be2 b5 11. O-O Nc6 12. Re1 O-O 13. a3 Qc7 14. Bd3 Nxd3
15. Qxd3 h6 16. Re2 Bb7 17. Rae1 Rac8 18. Nd4 Nxd4 19. Qxd4 Qc4 20. Qd2 Kh7 21.
Nd1 d4 22. b3 Qc6 23. f3 Rfd8 24. Nf2 Qc3 25. Qf4 Rc7 26. Ne4 Bxe4 27. Qxe4+
Kg8 28. Qh4 Rd5 29. h3 Qc5 30. b4 Qc3 31. Rd1 Qxa3 32. Rd3 Qc1+ 33. Kh2 Rxc2
34. Re1 Qg5 35. Qxg5 hxg5 36. Re4 Rc4 37. Rg4 Rxb4 38. Rxg5 Kh7 39. Rh5+ Kg6
40. Rh4 f6 41. Rg4+ Kf7 42. Ra3 f5 43. Rh4 Ra4 44. Rd3 a5 45. Rh8 Rc4 46. Ra8
b4 47. f4 Rc3 48. Rd1 d3 49. Ra7+ Kf8 50. Ra8+ Ke7 51. Ra7+ Rd7 52. Rxa5 d2 53.
Ra2 Rcd3 54. Rb2 b3 55. h4 R7d4 56. g3 Rc4 57. Kh3 Rc2 58. Rbb1 b2 0-1

[Event "29. Erfurter Schachfestival 2019 - Seni"]
[Site "Erfurt"]
[Date "2019.12.28"]
[Round "3.26"]
[White "Grüneschild, Hildegard"]
[Black "Hauke, Hans"]
[Result "0-1"]
[WhiteElo "1268"]
[BlackElo "1690"]
[PlyCount "90"]
[EventDate "2019.12.26"]

1. c4 e5 2. g3 Nf6 3. Bg2 c6 4. Nc3 Be7 5. Nf3 d6 6. O-O O-O 7. d3 h6 8. Nd2
Be6 9. e4 Na6 10. Re1 Nc5 11. Nf1 Ng4 12. Ne3 Qd7 13. f3 Nf6 14. g4 h5 15. h3
Nh7 16. Bf1 Bh4 17. Bd2 Bxe1 18. Qxe1 Ng5 19. Be2 Nxh3+ 20. Kg2 Nf4+ 21. Kg3
h4+ 22. Kf2 Ncxd3+ 23. Kf1 Nxe1 24. Bxe1 g5 25. Nf5 Bxf5 26. gxf5 Qe7 27. Bd2
Kg7 28. Bxf4 gxf4 29. Kf2 h3 30. Bf1 Kf6 31. Bxh3 Rg8 32. Bg4 Rg5 33. Rh1 Kg7
34. Ne2 Rh8 35. Rg1 f6 36. Rd1 Kf8 37. Kg2 Rg7 38. Ng1 Qf7 39. Nh3 Qh5 40. Nf2
Qh2+ 41. Kf1 Ke7 42. Ke2 Qg3 43. Rf1 Rh2 44. Rd1 Qxf2+ 45. Kd3 Qe3# 0-1

[Event "29. Erfurter Schachfestival 2019 - Seni"]
[Site "Erfurt"]
[Date "2019.12.29"]
[Round "4.1"]
[White "Pähtz, Thomas"]
[Black "Hadlich, Gerald"]
[Result "1-0"]
[WhiteElo "2348"]
[BlackElo "1868"]
[PlyCount "39"]
[EventDate "2019.12.26"]

1. e4 c5 2. Nf3 d6 3. d4 cxd4 4. Nxd4 Nf6 5. f3 a6 6. c4 e6 7. Nc3 Be7 8. Be3
O-O 9. Be2 b6 10. O-O Bb7 11. Qd2 Nbd7 12. a4 Re8 13. a5 bxa5 14. Nb3 a4 15.
Nxa4 Qc7 16. Rfc1 Nc5 17. Na5 Bc6 18. Nc3 Reb8 19. b4 Ncd7 20. Nd5 1-0

[Event "29. Erfurter Schachfestival 2019 - Seni"]
[Site "Erfurt"]
[Date "2019.12.29"]
[Round "4.2"]
[White "Hüttemann, Karl-Heinz"]
[Black "Weidlich, Günter"]
[Result "1/2-1/2"]
[WhiteElo "2043"]
[BlackElo "2167"]
[Annotator "Ruether,Rudolf"]
[PlyCount "27"]
[EventDate "2019.12.26"]

1. c4 g6 2. Nc3 c5 3. g3 Bg7 4. Bg2 Nc6 5. e4 d6 6. Nge2 Nf6 7. d3 O-O 8. O-O
Ne8 9. Be3 Nd4 10. f4 f5 11. Qd2 Nc7 12. Bf2 {(=)} Nce6 13. Nxd4 Nxd4 14. Ne2
1/2-1/2

[Event "29. Erfurter Schachfestival 2019 - Seni"]
[Site "Erfurt"]
[Date "2019.12.29"]
[Round "4.3"]
[White "Stahr, Ralf-Peter"]
[Black "Streit, Jürgen"]
[Result "1/2-1/2"]
[WhiteElo "2158"]
[BlackElo "1845"]
[Annotator "Ruether,Rudolf"]
[PlyCount "103"]
[EventDate "2019.12.26"]

1. c4 e5 2. Nc3 Bb4 3. Nf3 Bxc3 4. dxc3 Nc6 5. e4 h6 6. Be3 Nf6 7. Qc2 O-O 8.
h3 b6 9. c5 bxc5 10. Bxc5 d6 11. Rd1 Bb7 12. Be3 Qe7 13. Nh4 Qe6 14. Nf5 Ne7
15. Nxe7+ Qxe7 16. Bd3 d5 17. exd5 Nxd5 18. Qe2 Nxe3 19. Qxe3 f5 20. Bc4+ Kh8
21. Bd5 c6 22. Bc4 e4 23. Qf4 g5 24. Qd6 Qf6 25. Qxf6+ Rxf6 26. Rd2 Bc8 27.
Rd8+ Kg7 28. Ke2 Rf8 29. Rhd1 Be6 30. R8d7+ Bxd7 31. Rxd7+ Kg6 32. Rc7 Rf6 33.
Ba6 f4 34. Ke1 f3 35. g4 h5 36. Bb7 Rb8 37. b4 hxg4 38. hxg4 Rh8 39. Bxc6 Rh1+
40. Kd2 Rd6+ 41. Kc2 Re1 42. c4 a5 43. c5 Re2+ 44. Kc3 Rd3+ 45. Kc4 Rdd2 46.
Bd5 e3 47. Rc6+ Kg7 48. Rc7+ Kf8 49. Rf7+ Ke8 50. Rxf3 exf2 51. Rf5 Rd1 52. Bg2
{Rest unleserlich} 1/2-1/2

[Event "29. Erfurter Schachfestival 2019 - Seni"]
[Site "Erfurt"]
[Date "2019.12.29"]
[Round "4.4"]
[White "Pfitzer, Norbert"]
[Black "Feld-Gerdes, Wolfgang"]
[Result "1-0"]
[WhiteElo "2028"]
[BlackElo "2080"]
[PlyCount "85"]
[EventDate "2019.12.26"]

1. Nf3 g6 2. d4 c5 3. c3 b6 4. g3 Bb7 5. Bg2 Nf6 6. O-O Bg7 7. Re1 O-O 8. Nbd2
cxd4 9. cxd4 d5 10. Ne5 Nc6 11. Ndf3 Rc8 12. Nxc6 Bxc6 13. Ne5 e6 14. Nxc6 Rxc6
15. e3 Qc7 16. Bf1 Qb7 17. Bb5 Rc7 18. Qd3 Ne4 19. a4 Ra8 20. Ba6 Qc6 21. f3
Nd6 22. Bd2 h5 23. Rac1 Qd7 24. Rxc7 Qxc7 25. Rc1 Qd8 26. Qc3 Qf6 27. Qc6 Rd8
28. Qc7 h4 29. Kg2 hxg3 30. hxg3 Bf8 31. g4 Qg5 32. Rh1 Nf5 33. Qc3 Bd6 34. e4
Nh4+ 35. Kf2 Qe7 36. e5 Bb8 37. Qb4 Qxb4 38. Bxb4 g5 39. Be7 Rd7 40. Bxg5 Ng6
41. Bf6 Kf8 42. Bd3 Bc7 43. Bb5 1-0

[Event "29. Erfurter Schachfestival 2019 - Seni"]
[Site "Erfurt"]
[Date "2019.12.29"]
[Round "4.5"]
[White "Muuss, Klaus"]
[Black "Svanholm, Borge Waaktaar"]
[Result "1/2-1/2"]
[WhiteElo "2064"]
[BlackElo "1727"]
[PlyCount "129"]
[EventDate "2019.12.26"]

1. e4 e6 2. d4 d5 3. Nc3 Nf6 4. Bg5 Be7 5. e5 Nfd7 6. h4 h6 7. Bxe7 Qxe7 8. f4
a6 9. Nf3 c5 10. dxc5 Nc6 11. Qd2 Nxc5 12. O-O-O O-O 13. g4 b5 14. Bd3 b4 15.
Ne2 a5 16. Ned4 Nxd4 17. Nxd4 Ba6 18. Bxa6 Rxa6 19. g5 h5 20. f5 g6 21. fxg6
fxg6 22. Rhf1 Kg7 23. Rf6 Qd8 24. Rdf1 Rxf6 25. gxf6+ Kf7 26. Qh6 Qg8 27. Rg1
Ne4 28. Ne2 Nf2 29. Nf4 Ng4 30. Qg5 Qh7 31. Nh3 Ra7 32. Qxg4 hxg4 33. Ng5+ Kg8
34. Nxh7 Rxh7 35. Rxg4 Kf7 36. c4 bxc3 37. bxc3 Rh5 38. Rg5 Rxh4 39. Kc2 Rh2+
40. Kb3 Rh5 41. Rg3 Rxe5 42. Ka4 Kxf6 43. Kxa5 d4+ 44. Kb4 Re3 45. Rg4 dxc3 46.
Rc4 Re2 47. a4 c2 48. Kb5 g5 49. a5 Re1 50. Rxc2 Ra1 51. Rc4 Kf5 52. a6 g4 53.
Kb6 g3 54. Rc2 e5 55. a7 Kf4 56. Rc8 g2 57. Rf8+ Ke3 58. Rg8 Kf3 59. Rf8+ Ke3
60. Rg8 Kd4 61. Rxg2 e4 62. Re2 Kd3 63. Rxe4 Kxe4 64. Kb7 Rxa7+ 65. Kxa7
1/2-1/2

[Event "29. Erfurter Schachfestival 2019 - Seni"]
[Site "Erfurt"]
[Date "2019.12.29"]
[Round "4.6"]
[White "Brettschneider, Karl"]
[Black "Bodemer, Wolfgang"]
[Result "1-0"]
[WhiteElo "2019"]
[BlackElo "1850"]
[PlyCount "47"]
[EventDate "2019.12.26"]

1. c4 Nf6 2. Nc3 g6 3. g3 Bg7 4. Bg2 c6 5. e4 d6 6. d4 O-O 7. Nge2 e5 8. O-O c5
9. dxc5 dxc5 10. Bg5 Nc6 11. Qxd8 Nxd8 12. Rad1 Ne6 13. Bxf6 Bxf6 14. Nd5 Bd8
15. f4 exf4 16. gxf4 b6 17. f5 Ng7 18. f6 Ne6 19. e5 Rb8 20. Rd2 b5 21. cxb5
Rxb5 22. Ne7+ Bxe7 23. fxe7 Re8 24. Bc6 1-0

[Event "29. Erfurter Schachfestival 2019 - Seni"]
[Site "Erfurt"]
[Date "2019.12.29"]
[Round "4.7"]
[White "Hölting, Siegfried"]
[Black "Schmidt, Matthias"]
[Result "0-1"]
[WhiteElo "1854"]
[BlackElo "1987"]
[Annotator "Ruether,Rudolf"]
[PlyCount "40"]
[EventDate "2019.12.26"]

1. e4 c5 2. c3 Nf6 3. e5 Nd5 4. d4 cxd4 5. cxd4 e6 6. a3 b6 7. Nf3 Be7 8. Be2
Ba6 9. O-O O-O 10. Bd2 d6 11. Nc3 Nxc3 12. Bxc3 dxe5 13. Nxe5 Bxe2 14. Qxe2 Qd5
15. Rac1 Nd7 16. Nxd7 Qxd7 17. Rcd1 Qd5 18. Rfe1 Bf6 19. f3 Rfd8 20. f4 Rd7 {
Rest unleserlich} 0-1

[Event "29. Erfurter Schachfestival 2019 - Seni"]
[Site "Erfurt"]
[Date "2019.12.29"]
[Round "4.8"]
[White "Vogel, Alfred"]
[Black "Schulz, Uwe"]
[Result "1/2-1/2"]
[WhiteElo "1966"]
[BlackElo "1842"]
[PlyCount "63"]
[EventDate "2019.12.26"]

1. e4 c5 2. Ne2 Nc6 3. g3 g6 4. Bg2 Bg7 5. O-O Nf6 6. d3 O-O 7. c3 d6 8. f4 e6
9. Nd2 Qc7 10. h3 Rb8 11. g4 b5 12. Ng3 Bb7 13. Nf3 Nd7 14. Be3 b4 15. Qd2 a5
16. a3 Ba8 17. h4 bxc3 18. bxc3 Rb3 19. Ne2 Rfb8 20. Ra2 Qb7 21. Rc1 Rb2 22.
Rc2 Rxc2 23. Qxc2 a4 24. Nd2 Qa6 25. Nc1 Ne7 26. Rb2 Rxb2 27. Qxb2 d5 28. d4
cxd4 29. cxd4 dxe4 30. Nxe4 Qa5 31. Nd3 Nd5 32. Bf2 1/2-1/2

[Event "29. Erfurter Schachfestival 2019 - Seni"]
[Site "Erfurt"]
[Date "2019.12.29"]
[Round "4.9"]
[White "Wünsch, Ulrich"]
[Black "Abel, Hans-Peter"]
[Result "1-0"]
[WhiteElo "2050"]
[BlackElo "1767"]
[PlyCount "75"]
[EventDate "2019.12.26"]

1. d4 d5 2. Nf3 Nf6 3. e3 e6 4. Bd3 Bd6 5. Nbd2 Nbd7 6. O-O c5 7. b3 O-O 8. Bb2
b6 9. Ne5 cxd4 10. exd4 Bb7 11. Qe2 Be7 12. f4 g6 13. Rae1 Re8 14. Rf3 Bf8 15.
Rh3 Bg7 16. Rf1 Qc7 17. g4 a6 18. Ndf3 Rad8 19. Ng5 Ne4 20. Ngxf7 Nxe5 21. Nxe5
b5 22. Qe1 Qe7 23. g5 Rf8 24. Qh4 Bxe5 25. dxe5 Rf7 26. Qe1 Qc5+ 27. Qe3 Rc8
28. Bd4 Qc6 29. Rhf3 Rcf8 30. h4 Rc8 31. Rh3 Nc5 32. Bxc5 Qxc5 33. Qxc5 Rxc5
34. h5 Kg7 35. hxg6 hxg6 36. Rh5 Rf5 37. Rf2 Bc6 38. Rfh2 1-0

[Event "29. Erfurter Schachfestival 2019 - Seni"]
[Site "Erfurt"]
[Date "2019.12.29"]
[Round "4.10"]
[White "Kröncke, Manfred"]
[Black "Rauscher, Joachim"]
[Result "1-0"]
[WhiteElo "2034"]
[BlackElo "1807"]
[PlyCount "99"]
[EventDate "2019.12.26"]

1. e4 c5 2. Nf3 d6 3. Bb5+ Bd7 4. a4 Bxb5 5. axb5 Nd7 6. O-O Ngf6 7. Re1 e6 8.
b3 Be7 9. Bb2 O-O 10. d3 d5 11. e5 Nh5 12. Bc1 g6 13. c4 Ng7 14. Nc3 Nb6 15.
Bh6 Qd7 16. Re2 Rfd8 17. Bxg7 Kxg7 18. Rea2 dxc4 19. dxc4 Qc7 20. Qe2 Qb8 21.
g3 Nd7 22. h4 Rf8 23. Kg2 a6 24. Qe3 Qc7 25. bxa6 bxa6 26. Rxa6 Qb7 27. Rxa8
Rxa8 28. Rxa8 Qxa8 29. Ne4 Qb8 30. Neg5 Bxg5 31. Qxg5 Qxb3 32. h5 h6 33. Qe7
Qxc4 34. Qxd7 g5 35. Nd2 Qe2 36. Qd6 g4 37. Nf1 c4 38. Ne3 c3 39. Qc5 Qd3 40.
Qb4 c2 41. Qxg4+ Kf8 42. Qb4+ Kg7 43. Qc5 c1=Q 44. Qxc1 Qe4+ 45. Kg1 Qxe5 46.
Qd1 Qe4 47. Qg4+ Qxg4 48. Nxg4 f5 49. Ne5 Kf6 50. f4 1-0